=LDR 00000nam 2200000 4500 =001 INLIS000000000025325 =005 20130612123838 =008 ***********************************ind** =035 ##$$0010-061300000025325 =041 ##$$a ind =082 ##$$a 4x2.7 =090 ##$$a 4x2.7, WIR k =100 ##$$a Wirasasmita, Sutardi =245 ##$$a Kemampuan berbahasa Sunda murid kelas VI sekolah dasar Jawa Barat, Mendengarkan dan berbicara, Sutardi Wirasasmita, Lili Sadili, Min Rumini =260 ##$$a 1981 $b Jakarta =300 ##$$a viii, 166 hlm., ilus., 23 cm =650 ##$$a Bahasa Daerah =850 ##$$a NBPNMAT